000 00600nam a2200229Ia 4500
003 OSt
005 20220924144704.0
006 a|||||r|||| 00| 0
007 ta
008 220923b |||||||| |||| 00| 0 urd d
024 _a317714
037 _cTextual
040 _aARTS
_cARTS
_burd
041 _2urd
_aurd
082 _aO168,3MBI,1, F1
100 _aBismil Meer Au.
_9218184
245 0 _aEmedine ki tabahi urf anjam-e-German
260 _c1921
650 _aURDU FICTION
_93298
942 _hO168,3MBI,1, F1
_cTEXL
_2CC
999 _c457922
_d457922